000 00731nam a2200241Ia 4500
003 OSt
005 20220926001256.0
006 a|||||r|||| 00| 0
007 ta
008 220923b |||||||| |||| 00| 0 eng d
037 _cGeneral Book
040 _aRTL
_cRTL
_beng
041 _2eng
_aeng
082 _aX71:8F.2.N83<N82r, M3/GD
110 _aINDIA, LOK SABHA
_998267
245 0 _aPublic accounts committee (1977-78)
_b Hundred and thirty-first report.
260 _a New Delhi
_bLok Sabha secretariat
_c1983
300 _av,25p.
_ccm.
500 _aAppendix :11-25p.
700 _aINDIA, LOK SABHA
_998268
942 _hX71:8F.2.N83<N82r, M3/GD
_cGB
_2CC
999 _c601117
_d601117